Reformas económicas del siglo XVIII en Nueva España : I. Ideas económicas, comercio y régimen de libre comercio.

Uloženo v:
Podrobná bibliografie
Hlavní autor: Arcila Farías, Eduardo (autor)
Médium: Kniha
Jazyk:španělština
Edice:(Sepsetentas ; no. 117)
Témata:
Tagy: Přidat tag
Žádné tagy, Buďte první, kdo vytvoří štítek k tomuto záznamu!

MARC

LEADER 00000cam^a2200000uu^4500
001 000470934
005 20250521000000.0
008 050901s1974^^^^^^^^^^^^rd^r^^000^0^spa^d
009 20260310124613.526
035 |a FCE 000013722 
035 |a FCE 002400 
037 |a Acervo ITESO - Biblioteca 
041 |a spa 
082 0 4 |a 082.1  |b SEP 117 V.1 
100 |a Arcila Farías, Eduardo  |e (autor) 
245 1 0 |a Reformas económicas del siglo XVIII en Nueva España :  |b I. Ideas económicas, comercio y régimen de libre comercio. 
264 |a México :  |b SEP,  |c 1974. 
300 |a 159 p. 
336 |a texto  |b txt  |2 rdacontenido 
337 |a sin mediación  |b n  |2 rdamedio 
338 |a volumen  |b nc  |2 rdasoporte 
440 0 |a (Sepsetentas ;  |v no. 117) 
649 |a XX 
650 |a Historia 
650 |a Desarrollo económico 
910 |a Fondo Centro de Estudios Educativos 
920 |a Impresos - Libros 
930 |a Fondos Especiales 
905 |a 133 
901 |a ALE002400  |b IT2  |c CEE  |u 20250521 
902 |a https://opac.biblio.iteso.mx/vufind/Record/000470934